000 00773naa a22002417u 4500
001 06782
003 HDC
007 cr cn ---aaaaa
008 210124p2004 my ||||| |||| 00| 0 may d
040 _aHDC
245 0 _aBuletin INFAD Jilid 2 Bil. 1
260 _aMalaysia :
_bKolej Universiti Islam Malaysia,
_c2004
300 _a1 online resource ( 32 pages)
336 _atext
_2rdacontent
337 _acomputer
_2rdamedia
338 _aonline resource
_2rdacarrier
650 _aFatwa research
_97228
650 _aWorld fatwa
_97229
856 _zRequest full-text at [email protected]
942 _2lcc
942 _cAR
942 _kEMAG 000290
999 _c4106
_d4106